| 000 | 00788nmm a2200301 a 4500 | ||
|---|---|---|---|
| 003 | AR-BaBNM | ||
| 005 | 20251128202705.0 | ||
| 008 | 075020s1994 ||||||||||||||000 | spa|| | ||
| 020 | _a950-810-032-X | ||
| 040 | _cAR-BaBNM | ||
| 100 | 1 | _aFischer, Rosa | |
| 245 | 1 | 0 |
_aClubes y talleres _bRosa Fischer y Silvia Marcipar |
| 260 |
_aBuenos Aires _bOriente _c1994 |
||
| 300 | 0 | _a256 p. | |
| 650 | 4 | _aDIDACTICA | |
| 650 | 4 | _aCLUBES | |
| 650 | 4 | _aTALLERES [METODO PEDAGOGICO] | |
| 650 | 4 | _aACTIVIDADES EN GRUPO | |
| 650 | 4 | _aACTIVIDADES ESCOLARES | |
| 650 | 4 | _aACTIVIDADES RECREATIVAS | |
| 650 | 4 | _aJUEGO | |
| 650 | 4 | _aPARTICIPACION DEL ALUMNO | |
| 650 | 4 | _aCREATIVIDAD | |
| 650 | 4 | _aDINAMICA DE GRUPO | |
| 700 | 1 | _aMarcipar, Silvia | |
| 942 | _cBK | ||
| 998 | _cmaria eugenia | ||
| 999 |
_c142 _d142 |
||